| 000 | 00417cam a2200157 4500 | ||
|---|---|---|---|
| 020 | _a0852642075 | ||
| 040 | _cDLC | ||
| 082 | 0 | 0 | _a591 GRI 1973 A062 Or. |
| 100 | 1 | _aSeber, G. A. F. | |
| 245 | 1 | 4 | _aThe estimation of animal abundance and related parameters |
| 260 |
_aLondon, _bGriffin, _c1973. |
||
| 300 |
_axii, 506 p. _billus. _c24 cm. |
||
| 500 | _aIncludes index. | ||
| 650 | 0 | _aAnimal populations | |
| 942 | _cEK | ||
| 999 |
_c15173 _d15173 |
||